000 00635cam a2200205 a 4500
001 000003102
005 20200929150329.0
008 900425s2001 mx 001 f spa
020 _a9681908724
040 _aDO-SdBNP
_bspa
_cBNPHU
082 _aM863.44
_bF954c
100 1 _aFuentes, Carlos,
_d1928-
_99774
245 1 0 _aConstancia y otras novelas para vírgenes /
_cCarlos Fuentes.
260 _aMéxico D. F. :
_bAlfaguara,
_c2001.
300 _a448 p. ;
_c22 cm.
440 0 _aBiblioteca
_91648
500 _aIncluye índice
500 _aIncluye lista de obras en la solapa de la contracubierta
650 4 _aNovela mexicana
_93959
999 _c2933
_d2933